LEADER 00942cam0-2200337---450- 001 990005668250403321 005 20090408115851.0 035 $a000566825 035 $aFED01000566825 035 $a(Aleph)000566825FED01 035 $a000566825 100 $a19990604d1973----km-y0itay50------ba 101 0 $afre 102 $aFR 105 $ay-------001yy 200 1 $aDes dispositifs pulsionnels$fJean-François Lyotard 210 $aParis$cUnion générale d'Éditons$d1973 215 $a318 p.$d18 cm 225 1 $aSérie S$fdirigée par Bernard Lamarche-Vadel$v812 610 0 $aIdeologia 610 0 $aPulsioni 676 $a153.8$v21$zita 676 $a194 700 1$aLyotard,$bJean-François$0375497 801 0$aIT$bUNINA$gRICA$2UNIMARC 901 $aBK 912 $a990005668250403321 952 $aP.1 PG 704$bIST.PED. 1397$fFLFBC 959 $aFLFBC 996 $aDes dispositifs pulsionnels$9601477 997 $aUNINA LEADER 03647nam 22006252 450 001 9910790332703321 005 20240102235724.0 010 $a1-107-22671-6 010 $a1-139-20956-6 010 $a1-280-77479-7 010 $a1-139-22243-0 010 $a9786613685186 010 $a0-511-75143-5 010 $a1-139-21762-3 010 $a1-139-22414-X 010 $a1-139-21454-3 010 $a1-139-22071-3 035 $a(EBL)833436 035 $a(OCoLC)801405669 035 $a(UkCbUP)CR9780511751431 035 $a(Au-PeEL)EBL833436 035 $a(CaPaEBR)ebr10578234 035 $a(CaONFJC)MIL368518 035 $a(MiAaPQ)EBC833436 035 $a(CKB)2670000000209174 035 $a(EXLCZ)992670000000209174 100 $a20100419d2012|||| uy| 0 101 0 $aeng 135 $aur||||||||||| 181 $ctxt$2rdacontent 182 $cc$2rdamedia 183 $acr$2rdacarrier 200 04$aThe 1967 Arab-Israeli war $eorigins and consequences /$fedited by Wm. Roger Louis and Avi Shlaim 210 1$aCambridge :$cCambridge University Press,$d2012. 215 $a1 online resource (xvii, 325 pages) $cdigital, PDF file(s) 225 1 $aCambridge Middle East studies ;$v36 300 $aTitle from publisher's bibliographic system (viewed on 05 Oct 2015). 311 $a0-521-17479-1 311 $a1-107-00236-2 320 $aIncludes bibliographical references and index. 327 $g1.$tIsrael: poor little Samson /$rAvi Shlaim --$g2.$tEgypt: dangerous illusions /$rLaura M. James --$g3.$tSyria: playing with fire /$rDavish W. Lesch --$g4.$tJordan: walking the tight rope /$rAvi Shlaim --$g5.$tThe Palestinian National Movement /$rWendy Perlman --$g6.$tThe Yemen War and Egypt's war preparedness /$rEugene Rogan and Tewfik Aclimandos --$g7.$tThe United States and the 1967 War /$rCharles D. Smith --$g8.$tThe Soviet Union: the roots of war and a reassessment of historiography /$rRami Ginat --$g9.$tBritain: the ghost of Suez and Resolution 242 /$rWm. Roger Louis --$g10.$tFrance and the June 1967 War /$rJean-Pierre Filiu --$g11.$tThe 1967 War and the demise of Arab nationalism: chronicle of a death foretold /$rRashid Khalidi --$g12.$tThe transformation of Arab politics: disentangling myth from reality /$rFawaz A. Gerges. 330 $aThe June 1967 war was a watershed in the history of the modern Middle East. In six days, the Israelis defeated the Egyptian, Syrian and Jordanian armies, seizing large portions of their territories. Two veteran scholars of the Middle East bring together some of the most knowledgeable experts in their fields to reassess the origins and the legacies of the war. Each chapter takes a different perspective from the vantage point of a different participant, those that actually took part in the war and also the world powers that played important roles behind the scenes. Their conclusions make for sober reading. At the heart of the story was the incompetence of the Egyptian leadership and the rivalry between various Arab players who were deeply suspicious of each other's motives. Israel, on the other side, gained a resounding victory for which, despite previous assessments to the contrary, there was no master plan. 410 0$aCambridge Middle East studies ;$v36. 606 $aIsrael-Arab War, 1967 615 0$aIsrael-Arab War, 1967. 676 $a956.04/6 686 $aHIS026000$2bisacsh 702 $aShlaim$b Avi 702 $aLouis$b William Roger$f1936- 801 0$bUkCbUP 801 1$bUkCbUP 906 $aBOOK 912 $a9910790332703321 996 $aThe 1967 Arab-Israeli war$93849348 997 $aUNINA LEADER 02460oas 2200949 a 450 001 9910339540003321 005 20260218110758.0 011 $a1609-6886 035 $a(DE-599)ZDB2041527-8 035 $a(OCoLC)48498370 035 $a(CONSER) 2012236786 035 $a(CKB)954921393019 035 $a(DE-599)2041527-8 035 $a(EXLCZ)99954921393019 100 $a20011128b19772007 sf 101 0 $aeng 135 $aurmnu|||||||| 181 $ctxt$2rdacontent 182 $cc$2rdamedia 183 $acr$2rdacarrier 200 10$aFinancial market trends 210 $aParis $cOrganisation for Economic Co-Operation and Development 311 08$a0378-651X 606 $aFinance$vPeriodicals 606 $aInternational finance$vPeriodicals 606 $aFinances$vPe?riodiques 606 $aInternational Economics$2ebps 606 $aFinancial Markets$2ebps 606 $aMarche? financier$2eclas 606 $aPublications pe?riodiques$2eclas 606 $aFinance$2fast$3(OCoLC)fst00924349 606 $aInternational finance$2fast$3(OCoLC)fst00976945 606 $aCAPITAL MARKETS$2unbist 606 $aECONOMIC TRENDS$2unbist 608 $aperiodicals.$2aat 608 $aPeriodicals.$2fast 608 $aPeriodicals.$2lcgft 608 $aPe?riodiques.$2rvmgf 615 0$aFinance 615 0$aInternational finance 615 6$aFinances 615 7$aInternational Economics. 615 7$aFinancial Markets. 615 7$aMarche? financier. 615 7$aPublications pe?riodiques. 615 7$aFinance. 615 7$aInternational finance. 615 7$aCAPITAL MARKETS. 615 7$aECONOMIC TRENDS. 676 $a332/.042/05 712 02$aOrganisation for Economic Co-operation and Development 801 0$bF#A 801 1$bF#A 801 2$bOCLCQ 801 2$bAUD 801 2$bTXA 801 2$bOCLCQ 801 2$bNOC 801 2$bOCLCQ 801 2$bOCLCF 801 2$bOCLCO 801 2$bOCLCQ 801 2$bWT2 801 2$bOCLCE 801 2$bOCLCA 801 2$bOCLCQ 801 2$bWYU 801 2$bVT2 801 2$bUEJ 801 2$bOCLCQ 801 2$bSFB 801 2$bOCLCQ 801 2$bSRU 801 2$bOCLCQ 801 2$bS2H 801 2$bOCLCL 801 2$bOCLCQ 801 2$bOCLCL 906 $aJOURNAL 912 $a9910339540003321 996 $aFinancial market trends$9795394 997 $aUNINA